000 00424pab a2200157 454500
008 180718b2006 xxu||||| |||| 00| 0 eng d
100 _aRajendran, M.
245 _aAcademic assessment ignoring administrative audit is farce accreditation
260 _c2006
300 _ap.5-13.
362 _a9 Jan
650 _aAccreditation (Education)
650 _aEvaluation methods
773 _aUniversity News
909 _a68529
999 _c68529
_d68529